Library Banner

Time almanac 2008 (Record no. 38792)

MARC details
000 -LEADER
fixed length control field 00428nam a2200169Ia 4500
001 - CONTROL NUMBER
control field 39484
008 - FIXED-LENGTH DATA ELEMENTS--GENERAL INFORMATION
fixed length control field 140423s9999 xx 000 0 und d
020 ## - INTERNATIONAL STANDARD BOOK NUMBER
International Standard Book Number 9781603207546
040 ## - CATALOGING SOURCE
Transcribing agency PK-LaUMT
082 ## - DEWEY DECIMAL CLASSIFICATION NUMBER
Classification number R 310
Item number TIM-
110 ## - MAIN ENTRY--CORPORATE NAME
Corporate name or jurisdiction name as entry element Encyclopedia Britannica
245 ## - TITLE STATEMENT
Title Time almanac 2008
Statement of responsibility, etc Encyclopedia Britannica
260 ## - PUBLICATION, DISTRIBUTION, ETC. (IMPRINT)
Place of publication, distribution, etc London,UK:
Name of publisher, distributor, etc Encyclopedia Britannica,
Date of publication, distribution, etc 2008
300 ## - PHYSICAL DESCRIPTION
Extent 992 p.
546 ## - LANGUAGE NOTE
Language note EN
942 ## - ADDED ENTRY ELEMENTS (KOHA)
Koha item type Books
Holdings
Withdrawn status Lost status Damaged status Not for loan Home library Current library Date acquired Total Checkouts Full call number Barcode Date last seen Price effective from Koha item type
        UMT Main Campus UMT Main Campus 2014-04-23   R 310 TIM- 42570 2014-05-05 2014-05-05 Books